Kiadásra váró létparadoxon-értelmezések

Elmentve itt :
Bibliográfiai részletek
Szerző: CSEKE Péter
Adatforrás:Meister
Forrásdokumentuma:Látó. -
11 sz., 1994, 67-69 p.
Nyelv:magyar
Kulcsszavak:oral-history
politikai publicisztika
CSEKE Péter
MOLNÁR Gusztáv
BALÁZS Sándor
Limes-kör
Ellenpontok
Kiáltó Szó
LEADER 00549nab a2200205 i 4500
001 bibPRO00010199
008 060524s1994 xx hun
040 |a Sz1 
041 |a hun 
100 1 |a CSEKE Péter 
245 1 0 |a Kiadásra váró létparadoxon-értelmezések  |c CSEKE Péter 
695 |a oral-history 
695 |a politikai publicisztika 
695 |a CSEKE Péter 
695 |a MOLNÁR Gusztáv 
695 |a BALÁZS Sándor 
695 |a Limes-kör 
695 |a Ellenpontok 
695 |a Kiáltó Szó 
773 0 |t Látó. -  |g 11 sz., 1994, 67-69 p.